00557nam a2200109Ia 4500008004100000245002000041300023400061650000900295856005200304999001900356952007200375170517s9999 xx 000 0 und d aCome Back Buddy aExperience the rocking sensation known as Come Back Buddy in this feature length documentary about the band. Follow the band as they play various gigs, travel the road and keep the spirit of oldies music alive! Come Back Buddy... xArt. uhttp://topdocumentaryfilms.com/come-back-buddy/ c333123d333123 001040aCLbCLd2017-05-17l0r2017-05-17 00:00:00w2017-05-17yDF